| 000 | 01128cam a2200301 i 4500 | ||
|---|---|---|---|
| 001 | 17528709 | ||
| 005 | 20170105102938.0 | ||
| 008 | 121114s2012 cou b 001 0 eng | ||
| 010 | _a 2012037146 | ||
| 020 | _a9781588268709 (alk. paper) | ||
| 020 | _a9781588268952 (pbk. : alk. paper) | ||
| 040 |
_aDLC _beng _cDLC _erda _dDLC |
||
| 042 | _apcc | ||
| 050 | 0 | 0 |
_aHM1281 _b.R435 2012 |
| 082 | 0 | 0 |
_a303.61 _223 _bREC 2013 |
| 245 | 0 | 0 |
_aRecovering nonviolent history : _bcivil resistance in liberation struggles / _cedited by Maciej J. Bartkowski. |
| 260 |
_aAmerica _bLynnes Rienner Publisher _c2013 |
||
| 300 |
_axii, 436 pages ; _c24 cm |
||
| 504 | _aIncludes bibliographical references and index. | ||
| 650 | 0 | _aNonviolence. | |
| 650 | 0 | _aCivil disobedience. | |
| 650 | 0 | _aGovernment, Resistance to. | |
| 650 | 0 | _aNational liberation movements. | |
| 700 | 1 |
_aBartkowski, Maciej J., _d1976- _eeditor of compilation. |
|
| 906 |
_a7 _bcbc _corignew _d1 _eecip _f20 _gy-gencatlg |
||
| 942 |
_2ddc _cBK |
||
| 999 |
_c16385 _d16385 |
||